000 00457nam a22001817a 4500
003 MPLRDC
005 20220104150337.0
008 210129b ||||| |||| 00| 0 eng d
020 _a7-5017-0882-7
082 _a521 AE
100 _a弗莱德.欧尔著; 吴雅杰编译
245 _a跨越考试难关 - 献给90年代考生
_c
250 _a初版
260 _a
_b中国经济出版社
_c1990
300 _b
650 _a
942 _cBK
_o521 AE
999 _c51816
_d51806